Medicina Legal (Registro nro. 298)
[ vista simple ]
| 000 -Cabecera | |
|---|---|
| Campo de control de longitud fija | 01095aam a2200409 4500 |
| 005 - Fecha y hora de la última transacción | |
| Campo de control | 20250625110009.0 |
| 008 - Elementos de longitud fija--Información general | |
| Campo de control de longitud fija | 150722b2012 xxu||||| |||| 00| 0 spa d |
| 020 ## - International Standard Book Number | |
| Número Internacional Estándar del Libro (ISBN) | 9786071709905 |
| 041 ## - Idioma | |
| Código de idioma | Español |
| 082 ## - Clasificación Decimal Dewey | |
| Número de clasificación | 614.1 V297me4 |
| 100 ## - Entrada principal--Autor personal | |
| Nombre personal | Vargas Alvarado, Eduardo |
| 9 (RLIN) | 16114 |
| 245 ## - Título propiamente dicho | |
| Título | Medicina Legal |
| 250 ## - Edición | |
| Mención de edición | 4 edición |
| 260 ## - Pie de imprenta | |
| Lugar de publicación, distribución, etc. | México |
| 260 ## - Pie de imprenta | |
| Nombre del editor, distribuidor, etc. | Trillas |
| 260 ## - Pie de imprenta | |
| Fecha de publicación, distribución, etc. | 2012 |
| 300 ## - Descripción física | |
| Extensión | 552 páginas |
| 490 ## - Serie | |
| Título de la Serie | Investigación Criminal |
| 650 ## - Materia general | |
| Temática (materia general) | MEDICINA LEGAL |
| 650 ## - Materia general | |
| Temática (materia general) | CRIMINALÍSTICA |
| 650 ## - Materia general | |
| Temática (materia general) | TOXICOLOGÍA |
| 650 ## - Materia general | |
| Temática (materia general) | JUSTICIA CRIMINAL |
| 650 ## - Materia general | |
| Temática (materia general) | ESCENA DEL CRIMEN |
| 650 ## - Materia general | |
| Temática (materia general) | ANTROPOLOGÍA FORENSE |
| 650 ## - Materia general | |
| Temática (materia general) | ENTOMOLOGÍA FORENSE |
| 650 ## - Materia general | |
| Temática (materia general) | RECOLECCIÓN Y MANEJO DE EVIDENCIAS |
| 650 ## - Materia general | |
| Temática (materia general) | MEDICINA FORENSE |
| 650 ## - Materia general | |
| Temática (materia general) | TANATOLOGÍA FORENSE |
| 650 ## - Materia general | |
| Temática (materia general) | SEXOLOGÍA FORENSE |
| 650 ## - Materia general | |
| Temática (materia general) | BIOÉTICA |
| 650 ## - Materia general | |
| Temática (materia general) | DEONTOLOGÍA FORENSE |
| 650 ## - Materia general | |
| Temática (materia general) | CIENCIAS FORENSES |
| 650 ## - Materia general | |
| Temática (materia general) | TRAUMATOLOGÍA |
| 650 ## - Materia general | |
| Temática (materia general) | MATERNOINFANTIL |
| 650 ## - Materia general | |
| Temática (materia general) | PSIQUIATRÍA FORENSE |
| 942 ## - Punto de acceso adicional KOHA | |
| Tipo de ítem KOHA | Libro |
| Fuente del sistema de clasificación o colocación | Dewey Decimal Classification |
| Signatura completa | Código de barras | Programa Académico | Tipo de ítem |
|---|---|---|---|
| 614.1 V297me4 | 16518 | Investigación Criminal | Libro |
| 614.1 V297me4 | 16519 | Investigación Criminal | Libro |